01537nab a2200181 i 4500001001000000003001000010005001700020008004100037040003000078041000800108100003600116245008300152520090100235650002001136650001501156653002601171773015801197768714001CO-MdFUSB20240509171417.0240509t1969 sp ||||| |||| 00| 0 spa d bspacCO-MdFUSBdCO-MdFUSB aspa aSalman, Dominique Henri,eautor 3aLas drogas psicodélicas y la experiencia religiosac/ Dominique Henri Salman aEl uso de las drogas con fines religiosos está atestiguado por la historia de las religiones y por la etnología. No es, pues, de admirar el que ciertos grupos contemporáneos sugieran el recurso a los productos psicomiméticos o psicodélicos para provocar experiencias «religiosas>> que de otro modo se sienten incapaces de conseguir. Trataremos de evaluar el uso religioso que de ellas podría hacer un individuo de nuestro tiempo, en una situación personal y psicosocial muy diferente de las que imperaban en las culturas tradicionales y precientíficas de antaño. Para entender estos fenómenos es indispensable establecer diferentes niveles en el análisis. Aquí tendremos en cuenta cuatro que son suficientes para nuestro intento: 1) el de la psicofisiología, 2) el de la personalidad individual, 3) el de la personalidad social y 4) el de la personalidad religiosa.  0aVida espiritual 7aReligión aDrogas psicodélicas0 049450oR2539tRevista internacional de teología Conciliumw(CO-MdFUSB)8x0210-1041gNúmero 49, (noviembre, 1969), páginas: 433 - 439qpágina: 433